| 000 | 01654nam a2200493 i 4500 | ||
|---|---|---|---|
| 001 | 8267 | ||
| 003 | KOSZ 005 | ||
| 005 | 20210906122147.0 | ||
| 008 | 080217s1964 pl a |000 0 pol | ||
| 015 | _aUWD 1965/3548 | ||
| 035 | _a991039811759705066 | ||
| 035 | _a(PL-WaBN)b20652197-48omnis_nlop | ||
| 035 | _ab20652197 | ||
| 035 | _a(OCoLC)749887258 | ||
| 035 | _azz2006963155 | ||
| 035 | _a(PL)b0000002065219 | ||
| 035 | _a(EXLNZ-48OMNIS_NETWORK)9910381662505606 | ||
| 040 |
_aWA N _cWA N _dKOSZ 005/HR |
||
| 041 | 1 |
_apol _heng |
|
| 046 | _k1964 | ||
| 080 | _a745/749 | ||
| 080 | _a7.05 | ||
| 100 | 1 |
_aRead, Herbert _d(1893-1968) _eAutor |
|
| 245 | 1 | 0 |
_aSztuka a przemysł : _bzasady wzornictwa przemysłowego / _cHerbert Read ; [tł. Jan Choroszucha ; przedm. J. Sołtan]. |
| 246 | 1 |
_iTyt. oryg.: _aArt and industry |
|
| 260 |
_aWarszawa : _bPaństwowe Wydawnictwo Naukowe, _c1964. |
||
| 300 |
_a274, [2] s. : _bil. ; _c18 cm. |
||
| 336 |
_aTekst _btxt _2rdacontent |
||
| 337 |
_aBez urządzenia pośredniczącego _bn _2rdamedia |
||
| 338 |
_aWolumin _bnc _2rdacarrier |
||
| 380 | _aKsiążki | ||
| 388 | _a1901-2000 | ||
| 388 | _a1945-1989 | ||
| 504 | _aBibliogr. | ||
| 650 | 7 |
_aWzornictwo przemysłowe _2DBN |
|
| 658 | _aKultura i sztuka | ||
| 658 | _aInżynieria i technika | ||
| 700 | 1 |
_aChoroszucha, Jan _eTłumaczenie |
|
| 700 | 1 |
_aSołtan, Jerzy _d(1913-2005) _ePrzedmowa |
|
| 710 |
_aPaństwowe Wydawnictwo Naukowe _4pbl |
||
| 856 |
_uhttp://koha.tu.koszalin.pl/cgi-bin/koha/opac-detail.pl?biblionumber=8267 _yKatalog online BPK |
||
| 942 |
_2UKD _cKS |
||
| 999 |
_c8267 _d8267 |
||